000
00274nam a2200109Ia 4500
008
190919s9999||||xx |||||||||||||| ||und||
100
_a
Tim Patrick
245
4
_a
The Visual Basic. NET Style guide
260
_a
New Jersey
_b
Thomson South
_c
1987
300
_a
384
942
_c
BK
999
_c
11250
_d
11250